000 00744cam a2200229 i 4500
999 _c28625
_d28625
001 4628362
003 OSt
005 20170310122351.0
008 780710s1979 caua b 001 0 eng
010 _a 78014842
020 _a0534006191
040 _aDLC
_cDLC
_dDLC
050 0 0 _aP90
_b.M17 1979
082 0 0 _a001.5
100 1 _aMcAuley, Jack G.
245 1 0 _aPeople to people :
_bessentials of personal and public communication /
_cJack G. McAuley.
260 _aBelmont, Calif. :
_bWadsworth Pub. Co.,
_cc1979.
300 _axv, 268 p. :
_bill. ;
_c24 cm.
504 _aIncludes bibliographies and index.
650 0 _aCommunication.
906 _a7
_bcbc
_corignew
_d1
_eocip
_f19
_gy-gencatlg
942 _2lcc
_cBOOKS
_hP90 .M17 1979